Vượt qua tử thần = Ich werde leben

Kaydedildi:
Detaylı Bibliyografya
Yazar: Jerri Nielsen
Materyal Türü: Kitap
Dil:Undetermined
Baskı/Yayın Bilgisi: H. Phụ Nữ 2003
Konular:
Etiketler: Etiketle
Etiket eklenmemiş, İlk siz ekleyin!
Thư viện lưu trữ: Trung tâm Học liệu Trường Đại học Cần Thơ
LEADER 00530nam a2200193Ia 4500
001 CTU_58297
008 210402s9999 xx 000 0 und d
082 |a 833.9 
082 |b N669 
100 |a Jerri Nielsen 
245 0 |a Vượt qua tử thần = 
245 0 |b Ich werde leben 
245 0 |c Jerri Nielsen; Lê Quang biên dịch 
260 |a H. 
260 |b Phụ Nữ 
260 |c 2003 
650 |a german fiction ( vietnamese ) 
904 |i Minh 
980 |a Trung tâm Học liệu Trường Đại học Cần Thơ